000 00490nam a22001817a 4500
003 UA-OsUOA
001 9499
007 ta
008 20041111b un ||||| |||| 00| 0 ukr d
100 _aГарбуз М.
942 _cSA
040 _aUA-OsUOA
_cUA-OsUOA
_dUA-OsUOA
245 _aПриватизувати або орендувати
300 _aС.7
955 _a0
773 0 _w0
_tУрядовий кур'єр
_dКиїв
_d2004
_gN213
650 7 _aЗемельне право
_2UDC
999 _c295660
_d295660